000 00471nam a2200181Ia 4500
001 7949
005 20260306160533.0
008 260306t2019||||xx |||||||||||||| ||spa||
041 _aESP
082 _a364.106
_bL87
100 _aLópez-Muñoz, Julián
_eAUT
245 0 _aCriminalidad organizada y terrorismo:
_bformas criminales paradigmáticas
260 _c2019
300 _a330 páginas :
_c24 cm.
650 _aGEN
654 _aCPS
942 _cLIB
_dJUS
_fJUS
_2ddc
_n
999 _c7949
_d7949